00550nam a2200181 a 45000010010000000030011000100080041000210350026000620820016000881000024001042450033001282600052001616500018002139420012002319520090002439980020003339990015003530000-8800ELIB.Books110520 1990  a(ELIB.Books)0000-8946 a226.8 bMca aMcarthur, Harvey K. aThey also Taught in Parables bGrand Rapids: Zondervan Publishing House c1990 aNew Testament 2ddccBK 00102ddc4070aKBTSbKBTSd2011-05-20l0p1720r2022-01-22 00:00:00w2022-01-22yBK cbate2011-05-20 c8800d8800